000 00693nam a2200181 a 4500
020 _a9282110982 (pbk.)
082 0 0 _a388.4
_bCHA
_cL-18, P62A
100 _aWebster, V.V
_938725
245 0 0 _aChanging patterns of urban travel /
_cby F.V. Webster ... [et al.].
260 _a[Paris] :
_bEuropean Conference of Ministers of Transport ;
_a[Washington, D.C. :
_bOECD Publications and Information Center, sales agent],
_c1985.
300 _a80 p. :
_bill. ;
_c28 cm.
526 _a0
_b0
_c0
_d388_400000000000000_CHA
650 0 _aMCE
_9379
650 0 _aUrban transportation.
700 1 _aWebster, F. V.
_938726
710 2 _aEuropean Conference of Ministers of Transport.
_938317
942 _2ddc
_cBK
999 _c543366
_d543366